Top 10 Diamond Producing Countries - Statistics

General Stats
  • This quiz has been taken 43 times
  • The average score is 6 of 10
Answer Stats
Answer % Correct
South Africa
100%
Russia
78%
Zimbabwe
78%
Namibia
75%
Botswana
73%
Angola
65%
Canada
55%
Australia
53%
Democratic Republic of the Congo
33%
Sierra Leone
33%
No matching quizzes found
Score Distribution
Percent of People with Each Score
Percentile by Number Answered
Your Score History
You have not taken this quiz